American City Flags - Statistics

General Stats
  • This quiz has been taken 15 times
  • The average score is 10 of 15
Answer Stats
Picture Answer % Correct
Denver
100%
Baltimore
92%
Chicago
92%
New Orleans
92%
Portland
83%
Cincinnati
75%
Saint Louis
75%
Salt Lake City
75%
San Antonio
75%
Pittsburgh
67%
Washington, ME
50%
Des Moines
42%
Reno
42%
Tulsa
42%
Topeka
33%
No matching quizzes found
Score Distribution
Percent of People with Each Score
Percentile by Number Answered
Your Score History
You have not taken this quiz